Martí en Santo Domingo / (Registro nro. 14328)

Detalles MARC
000 -LIDER
fixed length control field 01203nam a2200337 a 4500
001 - NÚMERO DE CONTROL
Identificador de número de control 000021621
003 - IDENTIFICACDOR DE NÚMERO DE CONTROL
control field DO-SdBNP
005 - DATE AND TIME OF LATEST TRANSACTION
control field 20221115111144.0
008 - ELEMENTOS DE LONGITUD FIJA
fixed length control field 100909s1978 dr ac 010 0bspa d
020 ## - ISBN
International Standard Book Number 844992152X
040 ## - FUENTE DE CATALOGACIÓN
Agencia que crea de manera original el registro DO-SdBNP
Idioma de catalogación spa
Agencia que realiza la transcripción BPMSU
082 ## - NÚMERO DE CLASIFICACIÓN DECIMAL DE DEWEY
Classification number 923.2097291
Item number M378R 1978
Edition number 22
100 1# - ASIENTO PRINCIPAL -- NOMBRE PERSONAL
Nombre personal Rodríguez Demorizi, Emilio,
Fechas asociadas con el nombre 1908-1986
245 10 - MENCIÓN DE TITULO
Título Martí en Santo Domingo /
Mención de responsabilidad Emilio Rodríguez Demorizi.
250 ## - MENCIÓN DE EDICION
Mención de edición 2a ed
260 ## - PUBLICACIÓN, DISTRIBUCIÓN, ETC. (PIE DE IMPRENTA)
Lugar de publicación, distribución, etc Barcelona :
Nombre del editor, distribuidor, etc. Gráficas M. Pareja,
Fecha de publicación, distribución, etc 1978.
300 ## - DESCRIPCIÓN FÍSICA
Extensión 623 p. :
Otros detalles físicos il., retrs. ;
Dimensiones 24 cm.
490 0# - MENCIÓN DE SERIES
Mención de serie Fundación Rodríguez Demorizi
Volume/sequential designation 7
500 ## - NOTA GENERAL
Nota general Incluye "Cronología Dominicana de Martí"
500 ## - NOTA GENERAL
Nota general Incluye referencias bibliográficas y notas al pie de páginas
500 ## - NOTA GENERAL
Nota general Incluye índice de personas y lugares.
533 ## - NOTA DE REPRODUCCIÓN
Tipo de producción Facsímil :
Lugar de reproducción La Habana :
Agencia responsable de la reproducción Ucar García,
-- 1953.
590 ## - NOTA LOCAL
Enlace Inventariado, 2022/VM
600 14 - ENCABEZAMIENTO DE MATERIA--NOMBRE PERSONAL
Nombre personal Martí José
Fechas asociadas con el nombre 1853-1895
651 #4 - ENCABEZAMIENTO DE MATERIA--NOMBRE GEOGRÁFICO
Nombre geográfico Cuba
Subdivisión temática general Historia
Subdivisión cronológica 1810-1899
651 #4 - ENCABEZAMIENTO DE MATERIA--NOMBRE GEOGRÁFICO
Nombre geográfico Cuba
Subdivisión temática general Historia
Subdivisión cronológica Guerra de independencia 1895-1899
651 #4 - ENCABEZAMIENTO DE MATERIA--NOMBRE GEOGRÁFICO
Nombre geográfico Republica Dominicana
Subdivisión temática general Historia
Subdivisión cronológica 1844-1930
830 #0 - ASIENTO SECUNDARIO DE SERIE--TÍTULO UNIFORME
Título uniforme Fundación Rodríguez Demorizi
Volume number/sequential designation vii
910 ## - VALIDACIÓN
Validación VMateo V./Validado.
942 ## - ADDED ENTRY ELEMENTS (KOHA)
Source of classification or shelving scheme Dewey Decimal Classification
Koha item type Libros
Existencias
Withdrawn status Lost status Source of classification or shelving scheme Damaged status Not for loan Collection code Home library Current library Date acquired Total Checkouts Full call number Barcode Date last seen Price effective from Koha item type
    Dewey Decimal Classification     Colección Dominicana Biblioteca Pública Metropolitana Salomé Ureña Biblioteca Pública Metropolitana Salomé Ureña 11/15/2022   BPMSU CD 923.2097291 M378R 1978 BPMSU22110013 11/15/2022 11/15/2022 Libros